Biggest Cities in Former Austria-Hungary - Statistics

General Stats
  • This quiz has been taken 127 times
  • The average score is 13 of 20
Answer Stats
Population City % Correct
1.74 mil Budapest
99%
1.84 mil Vienna
99%
1.3 mil Prague
94%
659k Bratislava
87%
801k Zagreb
87%
273k Graz
82%
377k Brno
79%
475k Sarajevo
76%
279k Ljubljana
74%
765k Krakow
71%
236k Trieste
65%
729k Lviv
63%
239k Košice
54%
324k Cluj-Napoca
49%
294k Ostrava
46%
289k Novi Sad
44%
319k Timișoara
43%
253k Brașov
30%
262k Chernivtsi
16%
227k Ivano-Frankivsk
11%
No matching quizzes found
Score Distribution
Percent of People with Each Score
Percentile by Number Answered
Your Score History
You have not taken this quiz